Central Library OPAC University of Rajshahi

Instant notes in immunology / (Record no. 37364)

MARC details
000 -LEADER
fixed length control field 00740nam a2200253 a 4500
001 - CONTROL NUMBER
control field 37364
003 - CONTROL NUMBER IDENTIFIER
rucl marc code BD-RjUL
005 - DATE AND TIME OF LATEST TRANSACTION
control field 20211209052613.0
008 - FIXED-LENGTH DATA ELEMENTS--GENERAL INFORMATION
fixed length control field 141203r20022000ii a|||| |||| 001 0 eng d
020 ## - INTERNATIONAL STANDARD BOOK NUMBER
International Standard Book Number 9788176491518
035 ## - SYSTEM CONTROL NUMBER
System control number (BD-RjUL)37467
040 ## - CATALOGING SOURCE
Original cataloging agency BD-RjUL
Language of cataloging eng
Transcribing agency BD-RjUL
Modifying agency BD-RjUL
041 ## - LANGUAGE CODE
Language code of text/sound track or separate title eng
082 ## - DEWEY DECIMAL CLASSIFICATION NUMBER
Classification number 616.079
Author mark and year LYI 2002
100 ## - MAIN ENTRY--PERSONAL NAME
Personal name Lydyard, P. M.
9 (RLIN) 114526
245 ## - TITLE STATEMENT
Title Instant notes in immunology /
Statement of responsibility, etc. P. M. Lydyard, A. Whelan and M.W. Fanger.
260 ## - PUBLICATION, DISTRIBUTION, ETC. (IMPRINT)
Place of publication, distribution, etc. New Delhi :
Name of publisher, distributor, etc. Viva Books,
Date of publication, distribution, etc. 2000 [reprint 2002].
300 ## - PHYSICAL DESCRIPTION
Pagination 318 p. :
Illustrations ill.;
Size 23 cm.
500 ## - GENERAL NOTE
General note Includes index.
650 ## - SUBJECT ADDED ENTRY--TOPICAL TERM
Topical term or geographic name as entry element Immunology.
9 (RLIN) 114527
700 ## - ADDED ENTRY--PERSONAL NAME
Personal name Whelan, A.
Personal name Fanger, M.W.
942 ## - ADDED ENTRY ELEMENTS (KOHA)
Source of classification or shelving scheme Dewey Decimal Classification
Koha item type Books
Holdings
Lost status Source of classification or shelving scheme Damaged status Not for loan Collection code Permanent Location Current Location Shelving location Date acquired Cost, normal purchase price Total Checkouts Full call number Date last seen Copy number Koha item type
  Dewey Decimal Classification   Not For Loan Non-fiction Institute of Biological Sciences (IBSc) Library Institute of Biological Sciences (IBSc) Library   03/12/2014 398.00   616.079 LYI 2002 03/12/2014 C-1 Books